000 00563nam a22001817a 4500
003 UA-OsUOA
001 12003
007 ta
008 20050413b un ||||| |||| 00| 0 ukr d
100 _aТобіяш і.
942 _cSA
040 _aUA-OsUOA
_cUA-OsUOA
_dUA-OsUOA
245 _aБережімо і землю, і воду
_b[Про меліорат. стан осушув. земель в обл.]
300 _aС.1
955 _a0
773 0 _w0
_tВісті Рівненщини
_dРівне
_d2005
_g№25/1 квіт./
650 7 _aМеліорація
_2UDC
999 _c298164
_d298164